ბათუმის შოთა რუსთაველის სახელმწიფო უნივერსიტეტის ბიბლიოთეკა

Справочник кондитера. Часть II: Технологические оборудование предприятий кондитерской промышленности. (ბიბ.ჩანაწერი № 47885)

000 -LEADER
fixed length control field 00866nam a2200217Ia 4500
001 - CONTROL NUMBER
control field 14762
003 - CONTROL NUMBER IDENTIFIER
control field GE_BSU
008 - FIXED-LENGTH DATA ELEMENTS--GENERAL INFORMATION
fixed length control field 181216s||||||||xx |||||||||||||| ||und||
040 ## - CATALOGING SOURCE
Transcribing agency GE_BSU
080 ## - UNIVERSAL DECIMAL CLASSIFICATION NUMBER
Universal Decimal Classification number 664/43(035)
245 ## - TITLE STATEMENT
Title Справочник кондитера. Часть II: Технологические оборудование предприятий кондитерской промышленности.
245 ## - TITLE STATEMENT
Statement of responsibility, etc. Соств.: А.В.Авдеева, С.Ф.Алехин, К.С.Алтунджи и др. Ред. Г.И.Круглова.
250 ## - EDITION STATEMENT
Edition statement Изд. второе, перераб. и дополн.
260 ## - PUBLICATION, DISTRIBUTION, ETC.
Place of publication, distribution, etc. М.
260 ## - PUBLICATION, DISTRIBUTION, ETC.
Name of publisher, distributor, etc. Пищевая промышленность.
260 ## - PUBLICATION, DISTRIBUTION, ETC.
Date of publication, distribution, etc. 1970.
300 ## - PHYSICAL DESCRIPTION
Extent 816 стр. 21 см.
300 ## - PHYSICAL DESCRIPTION
Accompanying material 105 табл. 412 илл.
653 ## - INDEX TERM--UNCONTROLLED
Uncontrolled term Справочник кондитера.
942 ## - ADDED ENTRY ELEMENTS (KOHA)
Koha item type წიგნი
ეგზემპლარები
Withdrawn status Lost status Damaged status Not for loan Date acquired Barcode Date last seen Price effective from Koha item type
        2018-12-17 10345 2018-12-17 2018-12-17 წიგნი